| 000 | 00532 a2200205 4500 | ||
|---|---|---|---|
| 005 | 20260225100230.0 | ||
| 008 | 260224b |||||||| |||| 00| 0 eng d | ||
| 020 |
_a9798183820331 _cRs. 395.00 |
||
| 040 | _aMAIN | ||
| 082 |
_a796.076137046 _bS61Y |
||
| 100 | _aSuman, Krishan Kumar, ed. | ||
| 245 | _aYoga therapy | ||
| 260 |
_bLotus Press _c2024 _aNew Delhi |
||
| 300 | _a243 | ||
| 650 | _aYoga- Therapeutic Use | ||
| 650 | _aExercise Therapy | ||
| 650 | _aAlternative Medicine | ||
| 700 | _aAhluwalia, V K | ||
| 942 | _cBK | ||
| 999 |
_c396277 _d396277 |
||